| 000 | 00818nam a2200205Ii 4500 | ||
|---|---|---|---|
| 003 | JO-AjNU | ||
| 008 | 230605s9999||||xx |||||||||||||| ||und|| | ||
| 040 |
_aJO-AjNU _bara _erda _cJO-AjNU |
||
| 041 | _aara | ||
| 050 | 1 | 4 | _aPJ6066.2008 |
| 100 | 3 |
_aتأليف أبو دلو، أحمد ؛ م، مشارك عمر عكاشة , _eauthor _945622 |
|
| 245 | 0 | 0 | _a كتاب السلام عليكم، المستوى الاول |
| 264 | 3 | 1 | _aاربد : جامعة اليرموك، 2008 |
| 300 | _aج1، 180ص | ||
| 336 |
_atext _btxt _2rdacontent |
||
| 337 |
_aunmediated _bn _2rdamedia |
||
| 338 |
_avolume _bnc _2rdacarrier |
||
| 490 | 0 | _aسلسلة جامعة اليرموك لتعليم اللغة العربية للناطقين بغيرها | |
| 650 | 4 |
_aاللغة العربية للناطقين بغيرها _945623 |
|
| 999 |
_aA19790 _c23358 _d23358 |
||